Erich Mendelsohn and the architecture of German modernism (Record no. 176043)

MARC details
000 -LEADER
fixed length control field 00799nam a2200229Ia 4500
008 - FIXED-LENGTH DATA ELEMENTS--GENERAL INFORMATION
fixed length control field 191130s1997##################000#0#eng##
020 ## - INTERNATIONAL STANDARD BOOK NUMBER
ISBN 9780521571685
082 ## - DEWEY DECIMAL CLASSIFICATION NUMBER
Classification number 720.92 JAM
100 ## - MAIN ENTRY--AUTHOR NAME
Personal name James, Kathleen
245 ## - TITLE STATEMENT
Title Erich Mendelsohn and the architecture of German modernism
Statement of responsibility, etc Kathleen James
260 ## - PUBLICATION, DISTRIBUTION, ETC. (IMPRINT)
Place of publication Cambridge
Name of publisher Cambridge University Press
Year of publication 1997
300 ## - PHYSICAL DESCRIPTION
Number of Pages xvii, 328 p. : ill. ; 26 cm
500 ## - GENERAL NOTE
General note Includes bibliographical references (p. 311-319) and index
650 ## - SUBJECT ADDED ENTRY--TOPICAL TERM
Topical Term Expressionism (Architecture) - Germany
Topical Term Functionalism (Architecture) - Germany
Topical Term Mendelsohn, Erich, 1887-1953 - Criticism and interpretation
991 ## -
-- 310852
Holdings
Withdrawn status Lost status Damaged status Not for loan Home library Current library Shelving location Date acquired Full call number Accession Number Price effective from Koha item type
        Anna Centenary Library Anna Centenary Library 6TH FLOOR, B WING 13.10.2020 720.92 JAM 244785 13.10.2020 English Books

Find us on the map